LEADER 01056nam a2200253 u 4500 001 000000014058 003 CaOOAMICUS 005 20140707142600.0 008 941212s1926 gw u000 u ger u 035 $a10333914 040 $aPUL(R)$bita 100 1 $aHilling, Nikolaus,$csac.,$d1871-1960.$0(OLS)http://pul/name/13088 245 14$aDie allgemeinen Normen des Codex juris canonici /$cvon Dr. Nikolaus Hilling. 260 $aFreiburg i. Br. :$bJ. Waibel,$c1926. 300 $aviii, 163 p. ;$c22 cm 500 $aInclude indici. 504 $aBibliografia in nota a pie' di pagina. 630 04$aCodex iuris canonici.$0(OLS)http://pul/subject/4039 850 $aPUL 852 $aPUL$W1$xDP2 Diritto Canonico 1$y64$m150 A 11bis$j19763$nBK-PRI$qStampati$B19763$CPULBib$Z2$F19763 $H5686 $82 941 1 $a8 960 $aCodice di diritto canonico$94039 996 $6245$aDie allgemeinen Normen des Codex juris canonici$9(OLS)http://pul/title/20237 996 $6260$aFreiburg i. Br. :$bJ. Waibel$9(OLS)http://pul/publisher/54244 LEADER 01263nam a2200289 u 4500 001 000000084186 003 CaOOAMICUS 005 20070226124043.0 008 050615s1904 it u000 u ita u 035 $a11050563 040 $aPUL(R)$bita 041 1 $aita$hger 100 1 $aGumplowicz, Ludwig,$d1838-1909.$0(OLS)http://pul/name/55494 245 13$aIl concetto sociologico dello stato /$cLodovico Gumplowicz. 260 $aTorino :$bFratelli Bocca,$c1904. 300 $aix, 270 p. ;$c20 cm 490 1 $aPiccola biblioteca di scienze moderne ;$v88 504 $aBibliografia in nota. 650 4$aStato$xConcetto.$0(OLS)http://pul/subject/7404 830 0$aPiccola biblioteca di scienze moderne ;$v88.$0(OLS)http://pul/title/4217 850 $aPUL 852 $aPUL$W1$xDP1 Fondo Cecchetti$y53$m270 B 8$j107107$nBK-PRI$b $qFondi$B107107$CPULBib$Z2$F107107 $HPUL2978 $81 852 $aPUL$W1$xDP1 Cons. Gen., Altre Classi 1$y22$m931 B 18$j174644$b2a copia$qStampati$B177199$CPULBib$Z2$F177199 $H13995 $81 941 1 $a1 941 1 $a8 996 $6245$aIl concetto sociologico dello stato$9(OLS)http://pul/title/109560 996 $6260$aTorino :$bFratelli Bocca$9(OLS)http://pul/publisher/47945